000 00658nam a2200217Ia 4500
003 GCL
008 140319s9999 xx 000 0 ara d
040 _aGCL /
_cGCL
082 0 4 _a364
_bر ا
100 1 _aرؤوف عبيد
245 1 0 _aاصول علمى الاجرام والعقاب /
_cرؤوف عبيد
260 _a[S.N] :
_bدار الفكر العربى ،
_c1985
300 _a726 ص
490 _a
650 0 4 _aالقانون الجنائى
650 0 4 _aالقانون
650 0 4 _aالجريمة والمجرمون
650 0 4 _aقانون الاجراءات الجنائية
650 0 4 _aعلم الاجرام
942 _2ddc
_cBK
999 _c28042
_d28042